[Event "14.Zlata Praha-D"]
[Site "Praha"]
[Date "2018.07.07"]
[Round "1.1"]
[White "Sergeev, Vladimir"]
[Black "Zvacek, Antonin"]
[Result "1-0"]
[WhiteElo "2422"]
[BlackElo "1869"]
[PlyCount "67"]
[EventDate "2018.??.??"]

1. d4 Nf6 2. Nf3 e6 3. c3 c5 4. e3 b6 5. Nbd2 Bb7 6. Bd3 d5 7. O-O Bd6 8. Qe2
O-O 9. Rd1 c4 10. Bc2 Nbd7 11. e4 dxe4 12. Ng5 h6 13. Nxc4 Bxh2+ 14. Kxh2 hxg5
15. Bxg5 Qc7+ 16. Kg1 Bd5 17. Ne3 Nh7 18. Bh4 f5 19. c4 Bb7 20. d5 Qf4 21. Bg3
Qg5 22. dxe6 Nc5 23. Bd6 Rfe8 24. e7 f4 25. Nd5 f3 26. Qf1 Ne6 27. Bxe4 fxg2
28. Qxg2 Kh8 29. Rd3 Qxg2+ 30. Bxg2 Bxd5 31. Bxd5 Nc5 32. Bxc5 bxc5 33. Bxa8
Rxa8 34. Rd8+ 1-0

[Event "14.Zlata Praha-D"]
[Site "Praha"]
[Date "2018.07.07"]
[Round "1.2"]
[White "Pirvulescu, Adrian"]
[Black "Burdalev, Kirill"]
[Result "0-1"]
[WhiteElo "1785"]
[BlackElo "2302"]
[PlyCount "52"]
[EventDate "2018.??.??"]

1. e4 Nf6 2. e5 Nd5 3. c4 Nb6 4. c5 Nd5 5. Nc3 e6 6. Bc4 Bxc5 7. Bxd5 exd5 8.
Nxd5 Qh4 9. Ne3 Bxe3 10. dxe3 b6 11. Nf3 Qg4 12. O-O Bb7 13. h3 Qh5 14. Bd2 Na6
15. Bc3 Nc5 16. Nd4 Qg6 17. f3 O-O-O 18. e4 d6 19. exd6 Rxd6 20. Qe2 Rhd8 21.
Nb5 Rd3 22. Nxa7+ Kb8 23. Nb5 Ne6 24. Rad1 Nf4 25. Qc2 Rxd1 26. Rxd1 Rxd1+ 0-1

[Event "14.Zlata Praha-D"]
[Site "Praha"]
[Date "2018.07.07"]
[Round "1.3"]
[White "Gregor, Jiri"]
[Black "Plicka, Petr"]
[Result "1-0"]
[WhiteElo "2285"]
[BlackElo "1780"]
[PlyCount "73"]
[EventDate "2018.??.??"]

1. d4 Nf6 2. c4 e6 3. Nf3 d5 4. Nc3 Be7 5. Bg5 O-O 6. e3 b6 7. Rc1 h6 8. Bh4 c5
9. dxc5 bxc5 10. cxd5 exd5 11. Be2 Be6 12. O-O Nc6 13. Qa4 Qb6 14. Rfd1 Rfd8
15. Bb5 Rac8 16. a3 a6 17. Qxa6 Qxa6 18. Bxa6 Rb8 19. Bb5 Na5 20. Bg3 Rbc8 21.
Na4 Nb3 22. Rc3 c4 23. Nd4 Bg4 24. f3 Bh5 25. Nxb3 cxb3 26. Rxb3 Rc2 27. Bd3
Rcc8 28. Nb6 Rc6 29. a4 d4 30. e4 Bg6 31. a5 Nh5 32. a6 Nxg3 33. hxg3 Bc5 34.
Nd5 Ra8 35. Rc1 Kh7 36. Rb5 f6 37. Rbxc5 1-0

[Event "14.Zlata Praha-D"]
[Site "Praha"]
[Date "2018.07.07"]
[Round "1.4"]
[White "Becvar, Pavel"]
[Black "Pribyl, Josef"]
[Result "0-1"]
[WhiteElo "1669"]
[BlackElo "2203"]
[PlyCount "75"]
[EventDate "2018.??.??"]

1. e4 d6 2. d4 Nf6 3. Nc3 c6 4. f4 Qa5 5. Nf3 Nxe4 6. Bd2 Nxd2 7. Qxd2 Bg4 8.
Qe3 Nd7 9. Be2 e6 10. O-O Be7 11. h3 Bxf3 12. Qxf3 Qb4 13. Qd3 Bf6 14. Kh1 Qxd4
15. Qg3 O-O 16. Rad1 Qc5 17. Ne4 Qxc2 18. Bd3 Qxb2 19. Rb1 Qd4 20. Rfd1 Qa4 21.
Qg4 d5 22. Ng5 Bxg5 23. Qxg5 h6 24. Qh4 Ne5 25. Be2 Ng6 26. Qg3 Qxf4 27. Qb3 b5
28. Qc3 Rac8 29. Rf1 Qe5 30. Qc2 a5 31. Rbe1 Qd6 32. Bd3 Ne5 33. Be2 Nc4 34.
Bg4 a4 35. Rf3 c5 36. Qc3 b4 37. Qa1 Rb8 38. Re2 0-1

[Event "14.Zlata Praha-D"]
[Site "Praha"]
[Date "2018.07.07"]
[Round "1.5"]
[White "Netusil, Miloslav"]
[Black "Krnak, Vladimir"]
[Result "1-0"]
[WhiteElo "2185"]
[BlackElo "1656"]
[PlyCount "57"]
[EventDate "2018.??.??"]

1. d4 Nf6 2. Nf3 g6 3. c4 Bg7 4. Nc3 O-O 5. e4 d6 6. Be2 e5 7. dxe5 dxe5 8.
Qxd8 Rxd8 9. Nd5 Nxd5 10. cxd5 c6 11. Bc4 Kh8 12. Ng5 Kg8 13. dxc6 Rd4 14.
Bxf7+ Kf8 15. cxb7 Bxb7 16. Be3 Rxe4 17. Nxe4 Kxf7 18. Nd6+ Ke6 19. Nxb7 Nd7
20. O-O-O Rc8+ 21. Kb1 Nb6 22. Rd6+ Kf7 23. Bxb6 axb6 24. Rd7+ Kf6 25. Rhd1 Bf8
26. h4 h5 27. Nd8 Be7 28. R1d6+ Bxd6 29. Rf7# 1-0

[Event "14.Zlata Praha-D"]
[Site "Praha"]
[Date "2018.07.07"]
[Round "1.6"]
[White "Sakovski, Roman"]
[Black "Benes, Petr"]
[Result "0-1"]
[WhiteElo "1000"]
[BlackElo "2119"]
[PlyCount "56"]
[EventDate "2018.??.??"]

1. d4 Nf6 2. Nf3 c5 3. e3 b6 4. b3 Bb7 5. Bb2 d6 6. dxc5 bxc5 7. Nbd2 Nbd7 8.
Bb5 a6 9. Bc4 e6 10. Qe2 Be7 11. h4 h6 12. Rh3 Qa5 13. Rg3 Kf8 14. Qd3 d5 15.
Bc3 Qc7 16. Be5 Nxe5 17. Nxe5 Qxe5 18. O-O-O dxc4 19. Nxc4 Qa1+ 20. Kd2 Qxd1+
21. Kxd1 Rd8 22. Ke2 Rxd3 23. cxd3 g6 24. Ne5 Kg7 25. Rh3 Rd8 26. g4 Bd6 27. f4
Bxe5 28. fxe5 Nxg4 0-1

[Event "14.Zlata Praha-D"]
[Site "Praha"]
[Date "2018.07.07"]
[Round "1.7"]
[White "Pilar, Miloslav"]
[Black "Modrova, Hana"]
[Result "1-0"]
[WhiteElo "2114"]
[BlackElo "1647"]
[PlyCount "87"]
[EventDate "2018.??.??"]

1. d4 d6 2. Nf3 c6 3. g3 Bg4 4. Bg2 Nf6 5. O-O Qd7 6. Re1 Bh3 7. Bh1 h5 8. e4
g6 9. e5 dxe5 10. dxe5 Qxd1 11. Rxd1 Nd5 12. Ng5 Bf5 13. c3 e6 14. Nd2 Bg7 15.
Nc4 O-O 16. f4 Nd7 17. Nd6 Nc5 18. Nxf5 exf5 19. Bxd5 cxd5 20. Rxd5 Rac8 21.
Be3 Ne6 22. Nxe6 fxe6 23. Rd7 Rcd8 24. Rad1 Rxd7 25. Rxd7 g5 26. Bxa7 b5 27.
Bd4 gxf4 28. gxf4 Ra8 29. a3 Bh6 30. Be3 Kh8 31. Kf2 h4 32. h3 Rg8 33. b3 Rg3
34. c4 bxc4 35. bxc4 Rxh3 36. c5 Rg3 37. c6 Rg8 38. c7 h3 39. Rd8 h2 40. Rxg8+
Kxg8 41. c8=Q+ Kg7 42. Qd7+ Kg8 43. Qxe6+ Kh7 44. Qf7+ 1-0

[Event "14.Zlata Praha-D"]
[Site "Praha"]
[Date "2018.07.07"]
[Round "2.1"]
[White "Gan-Erdene, Sugar"]
[Black "Sergeev, Vladimir"]
[Result "0-1"]
[WhiteElo "2074"]
[BlackElo "2422"]
[PlyCount "122"]
[EventDate "2018.??.??"]

1. e4 c6 2. d4 d5 3. Nc3 dxe4 4. Nxe4 Nd7 5. Nf3 Ndf6 6. Nc3 Bg4 7. Be3 e6 8.
h3 Bh5 9. Be2 Bb4 10. O-O Ne7 11. a3 Bd6 12. Bg5 Bg6 13. Bd3 Nfd5 14. Nxd5 cxd5
15. Bb5+ Kf8 16. Bd3 Qb6 17. Rb1 f6 18. Bxg6 hxg6 19. Bd2 Kf7 20. Re1 Rac8 21.
Qe2 Bb8 22. Bb4 Nf5 23. Bc5 Qc6 24. b4 Rhe8 25. b5 Qd7 26. Bb4 Qc7 27. c3 g5
28. a4 b6 29. g3 Qd7 30. Nh2 Rh8 31. Kg2 Rh7 32. Ng4 Rch8 33. Rh1 Qc7 34. Rbe1
Re8 35. Qf3 Rhh8 36. Ne3 Nd6 37. Bxd6 Qxd6 38. Ng4 Qd7 39. Ne5+ Bxe5 40. dxe5
f5 41. Qe3 Qe7 42. Rc1 Rc8 43. Rhd1 Rc4 44. Rd4 Rhc8 45. Qd3 Qc7 46. Rxc4 Qxc4
47. Qd2 Qxa4 48. Qxg5 Qxb5 49. Ra1 a5 50. Qe3 Qc5 51. Qe2 Qxc3 52. Rb1 Qc6 53.
Qa6 Rb8 54. Qd3 b5 55. Qd2 b4 56. Rc1 Qb6 57. Qg5 b3 58. Qh5+ Kg8 59. Qe2 b2
60. Rb1 a4 61. Qd3 Qb3 0-1

[Event "14.Zlata Praha-D"]
[Site "Praha"]
[Date "2018.07.07"]
[Round "2.2"]
[White "Burdalev, Kirill"]
[Black "Pilar, Miloslav"]
[Result "1-0"]
[WhiteElo "2302"]
[BlackElo "2114"]
[PlyCount "68"]
[EventDate "2018.??.??"]

1. d4 Nf6 2. Nf3 e6 3. Bf4 b6 4. e3 Bb7 5. Bd3 Be7 6. h3 c5 7. O-O d6 8. Nbd2
O-O 9. a4 Nc6 10. c3 Re8 11. Re1 Bf8 12. Nc4 a6 13. dxc5 dxc5 14. e4 b5 15.
axb5 axb5 16. Rxa8 Bxa8 17. Na3 c4 18. Bc2 Qxd1 19. Rxd1 Bxa3 20. bxa3 Rd8 21.
Rb1 Ne7 22. Bg5 Rb8 23. Nd4 Bc6 24. a4 h6 25. Bxf6 gxf6 26. axb5 Bb7 27. Rb4
Nc8 28. Rxc4 Nd6 29. Rc7 Bxe4 30. Bxe4 Nxe4 31. c4 Nd6 32. Nc6 Rb7 33. Rxb7
Nxb7 34. Kf1 Kf8 1-0

[Event "14.Zlata Praha-D"]
[Site "Praha"]
[Date "2018.07.07"]
[Round "2.3"]
[White "Plasek, Zdenek"]
[Black "Gregor, Jiri"]
[Result "0-1"]
[WhiteElo "1964"]
[BlackElo "2285"]
[PlyCount "42"]
[EventDate "2018.??.??"]

1. d4 c5 2. dxc5 Nf6 3. c4 e6 4. Nc3 Bxc5 5. e3 a6 6. Nf3 Nc6 7. Be2 O-O 8. O-O
d5 9. cxd5 exd5 10. a3 Be6 11. b4 Ba7 12. Bb2 d4 13. exd4 Nxd4 14. Nxd4 Bxd4
15. Na4 Bxb2 16. Nxb2 Bd5 17. Bc4 Rc8 18. Qb3 Rxc4 19. Nxc4 b5 20. Rfd1 Qa8 21.
Rxd5 bxc4 0-1

[Event "14.Zlata Praha-D"]
[Site "Praha"]
[Date "2018.07.07"]
[Round "2.4"]
[White "Pribyl, Josef"]
[Black "Barotek, Martin"]
[Result "1/2-1/2"]
[WhiteElo "2203"]
[BlackElo "1947"]
[PlyCount "98"]
[EventDate "2018.??.??"]

1. d4 d5 2. Nf3 Bf5 3. g3 e6 4. Bg2 Nf6 5. O-O h6 6. c4 c6 7. Qb3 Qb6 8. c5
Qxb3 9. axb3 Nbd7 10. Nc3 Ne4 11. b4 a6 12. Nd2 Nxd2 13. Bxd2 Rc8 14. e4 dxe4
15. Nxe4 Be7 16. Bf4 Nf6 17. Nd6+ Bxd6 18. Bxd6 Ne4 19. Bxe4 Bxe4 20. Rfe1 Bd5
21. f4 Kd7 22. Ra3 g5 23. Be5 Rhg8 24. Rf1 f5 25. Kf2 gxf4 26. Bxf4 h5 27. Ke3
h4 28. gxh4 Rg2 29. Rf2 Rcg8 30. Bg3 Rg1 31. Kd2 Rb1 32. Kc3 Rc1+ 33. Rc2 Rd1
34. Rd2 Rc1+ 35. Kd3 Be4+ 36. Ke3 Rf1 37. Rc3 Rg4 38. Rf2 Re1+ 39. Kd2 Rb1 40.
Rb3 Bd5 41. Kc2 Re1 42. Rc3 Be4+ 43. Kd2 Rb1 44. Ke3 Re1+ 45. Re2 Rf1 46. Ra3
Bd5 47. Rd3 f4+ 48. Kd2 fxg3 49. hxg3 Be4 1/2-1/2

[Event "14.Zlata Praha-D"]
[Site "Praha"]
[Date "2018.07.07"]
[Round "2.5"]
[White "Buksa, Jaromir"]
[Black "Netusil, Miloslav"]
[Result "0-1"]
[WhiteElo "1889"]
[BlackElo "2185"]
[PlyCount "60"]
[EventDate "2018.??.??"]

1. e4 e6 2. Nc3 d5 3. d3 Nf6 4. e5 Nfd7 5. f4 f6 6. exf6 Qxf6 7. Nf3 Bd6 8. g3
O-O 9. Bg2 h6 10. Be3 c5 11. O-O Nc6 12. d4 Ne7 13. Ne5 cxd4 14. Bxd4 Bxe5 15.
fxe5 Qg6 16. Rxf8+ Nxf8 17. Nb5 Bd7 18. Nd6 b6 19. c4 Bc6 20. Rc1 dxc4 21. Bxc6
Nxc6 22. Rxc4 Ne7 23. Rc7 Nd5 24. Rb7 Nh7 25. Qe2 Rf8 26. Rxa7 Ng5 27. Kh1 Nf3
28. Ne4 Nxd4 29. Qd2 Qxe4+ 30. Kg1 Nf3+ 0-1

[Event "14.Zlata Praha-D"]
[Site "Praha"]
[Date "2018.07.07"]
[Round "2.6"]
[White "Benes, Petr"]
[Black "Melich, Jindrich"]
[Result "1-0"]
[WhiteElo "2119"]
[BlackElo "1902"]
[PlyCount "143"]
[EventDate "2018.??.??"]

1. c4 c5 2. Nc3 b6 3. Nf3 Bb7 4. e3 Nf6 5. d4 e6 6. d5 exd5 7. cxd5 d6 8. Be2
g6 9. O-O Bg7 10. h3 O-O 11. e4 Nbd7 12. Bf4 Qe7 13. Nd2 a6 14. a4 Rfe8 15. Bd3
Ne5 16. Bc2 Rac8 17. Re1 Qf8 18. Bxe5 Rxe5 19. Nc4 Ree8 20. Nxb6 Rb8 21. Nc4
Nd7 22. a5 Ne5 23. Nb6 Rbd8 24. f4 Nd7 25. Ba4 Nxb6 26. Bxe8 Nc4 27. Ba4 Nxb2
28. Qc2 Nxa4 29. Rxa4 Qe8 30. Qb3 Bxc3 31. Re2 Bd4+ 32. Rxd4 cxd4 33. Qxb7 d3
34. Re3 Qa4 35. Qb6 Re8 36. Rxd3 Qxe4 37. Qd4 Qe1+ 38. Kh2 Qxa5 39. Rc3 Qb5 40.
Rc7 a5 41. Rc6 Qb4 42. Qxb4 axb4 43. Rb6 Re4 44. g3 Kg7 45. Kg2 Kf6 46. Kf3 Rd4
47. Rxd6+ Ke7 48. Rb6 Rd3+ 49. Ke4 Rxg3 50. Rxb4 Rxh3 51. Rb7+ Ke8 52. Ke5 Re3+
53. Kf6 h5 54. Rxf7 h4 55. Rh7 h3 56. Kxg6 Rd3 57. Rh5 Rg3+ 58. Kf6 Kd7 59. f5
Kd6 60. Kf7 Kxd5 61. f6+ Kd6 62. Kf8 Rf3 63. f7 Ke6 64. Rh6+ Kd7 65. Kg8 Ke7
66. Rh7 Ke6 67. f8=Q Rxf8+ 68. Kxf8 Kf5 69. Rxh3 Kg4 70. Rb3 Kf4 71. Ke7 Ke4
72. Kd6 1-0

[Event "14.Zlata Praha-D"]
[Site "Praha"]
[Date "2018.07.07"]
[Round "2.7"]
[White "Zvacek, Antonin"]
[Black "Rous, Dominik"]
[Result "1/2-1/2"]
[WhiteElo "1869"]
[BlackElo "1336"]
[PlyCount "108"]
[EventDate "2018.??.??"]

1. e4 e5 2. Bc4 d6 3. Nc3 c5 4. f4 Be6 5. d3 Bxc4 6. dxc4 f6 7. f5 Nc6 8. Qh5+
Ke7 9. Nd5+ Kd7 10. c3 Nge7 11. Ne2 Qe8 12. Qf3 Nxd5 13. cxd5 Ne7 14. c4 g6 15.
g4 g5 16. Bd2 h5 17. h3 h4 18. Qa3 Kc7 19. b4 b6 20. Nc3 Kb7 21. Ke2 Qd7 22.
Rab1 Rc8 23. b5 Ra8 24. Qa6+ Kb8 25. Rb3 Qb7 26. Ra3 Bg7 27. Rb1 Rd8 28. Qxb7+
Kxb7 29. Ra6 Rd7 30. Rb3 Kb8 31. Rba3 Nc8 32. Be3 Bh8 33. Rb3 Rb7 34. a4 Kc7
35. a5 Bg7 36. Ra3 Bf8 37. axb6+ Rxb6 38. Rxb6 Kxb6 39. Ra6+ Kb7 40. Na4 Nb6
41. Nxb6 axb6 42. Rxa8 Kxa8 43. Kd2 Ka7 44. Bf2 Be7 45. Ke3 Bd8 46. Kf3 Kb7 47.
Be3 Kc7 48. Ke2 Kc8 49. Kd3 Kb7 50. Kc3 Ka7 51. Kd2 Kb7 52. Ke2 Kc8 53. Kf3 Kd7
54. Bf2 Ke8 1/2-1/2

[Event "14.Zlata Praha-D"]
[Site "Praha"]
[Date "2018.07.07"]
[Round "3.1"]
[White "Sergeev, Vladimir"]
[Black "Benes, Petr"]
[Result "1-0"]
[WhiteElo "2422"]
[BlackElo "2119"]
[PlyCount "32"]
[EventDate "2018.??.??"]

1. Nf3 g6 2. d4 Bg7 3. c3 d6 4. Bg5 Nf6 5. Nbd2 b6 6. e4 Bb7 7. Bd3 h6 8. Bh4
g5 9. Bg3 Nh5 10. O-O Nd7 11. Nc4 Nxg3 12. hxg3 e6 13. Ne3 Qe7 14. Qe2 a6 15.
Nd2 O-O 16. Nf3 b5 1-0

[Event "14.Zlata Praha-D"]
[Site "Praha"]
[Date "2018.07.07"]
[Round "3.2"]
[White "Gregor, Jiri"]
[Black "Burdalev, Kirill"]
[Result "0-1"]
[WhiteElo "2285"]
[BlackElo "2302"]
[PlyCount "62"]
[EventDate "2018.??.??"]

1. d4 Nf6 2. Nf3 c5 3. c4 g6 4. Nc3 Bg7 5. e4 d6 6. h3 cxd4 7. Nxd4 Nc6 8. Be3
O-O 9. Be2 Bd7 10. O-O Nxd4 11. Bxd4 Bc6 12. f3 Nd7 13. Bxg7 Kxg7 14. Qd4+ Kg8
15. f4 a5 16. Rad1 Qb6 17. Qxb6 Nxb6 18. b3 Nd7 19. Nd5 Bxd5 20. exd5 Nc5 21.
Rfe1 Rfc8 22. Bg4 Rc7 23. Re3 Rb8 24. Be2 Kf8 25. Kf2 Ra8 26. g4 Ra6 27. Re1
Rb6 28. Bd1 a4 29. bxa4 Rb4 30. Rc3 Nxa4 31. Ra3 Nb2 0-1

[Event "14.Zlata Praha-D"]
[Site "Praha"]
[Date "2018.07.07"]
[Round "3.3"]
[White "Netusil, Miloslav"]
[Black "Pribyl, Josef"]
[Result "1/2-1/2"]
[WhiteElo "2185"]
[BlackElo "2203"]
[PlyCount "137"]
[EventDate "2018.??.??"]

1. e4 d6 2. d4 Nf6 3. Nc3 e5 4. Nf3 Nbd7 5. Be2 Be7 6. O-O O-O 7. a4 c6 8. h3
Re8 9. Re1 Bf8 10. Bf1 b6 11. Bg5 h6 12. Be3 a6 13. Qd2 Bb7 14. dxe5 dxe5 15.
Qd1 Qc7 16. Bc4 b5 17. Bd3 Nc5 18. Bxc5 Bxc5 19. Nh4 Rad8 20. Qf3 Bf8 21. Ne2
Nh7 22. Qg3 Qe7 23. axb5 cxb5 24. Nf5 Qg5 25. Qf3 g6 26. Ne3 Qf6 27. Qg3 h5 28.
Kh1 Qg5 29. Qxg5 Nxg5 30. Nc3 Rd4 31. Ncd5 Kg7 32. f3 Ne6 33. Red1 Nc5 34. Be2
Rd8 35. c3 Rxd1+ 36. Rxd1 Ne6 37. Ra1 Bc5 38. Kh2 Nf4 39. Bf1 Nxd5 40. Nxd5
Bxd5 41. Rd1 h4 42. exd5 Be3 43. c4 Bf4+ 44. Kg1 bxc4 45. Bxc4 a5 46. b3 Kf6
47. Kf1 Ke7 48. Ke2 Kd6 49. Kd3 Kc5 50. Ra1 Kb6 51. Ra4 f5 52. b4 axb4 53.
Rxb4+ Kc7 54. Ra4 Re8 55. Ra7+ Kb8 56. Rg7 e4+ 57. fxe4 fxe4+ 58. Ke2 g5 59.
Bb5 Rc8 60. Bc6 Rc7 61. Rg8+ Ka7 62. Ra8+ Kb6 63. Rb8+ Kc5 64. Re8 Kd4 65. Re6
Ra7 66. d6 Ra2+ 67. Kf1 Ra1+ 68. Ke2 Ra2+ 69. Kf1 1/2-1/2

[Event "14.Zlata Praha-D"]
[Site "Praha"]
[Date "2018.07.07"]
[Round "3.4"]
[White "Barotek, Martin"]
[Black "Pilar, Miloslav"]
[Result "0-1"]
[WhiteElo "1947"]
[BlackElo "2114"]
[PlyCount "85"]
[EventDate "2018.??.??"]

1. e4 e6 2. d4 d5 3. e5 c5 4. c3 Nc6 5. Nf3 Bd7 6. a3 Qc7 7. b4 cxb4 8. cxb4 a6
9. Bb2 Nge7 10. Nc3 Ng6 11. g3 Be7 12. Bd3 f5 13. h4 O-O 14. h5 Nh8 15. Rc1 b5
16. Ne2 Qb6 17. Rc2 a5 18. bxa5 Nxa5 19. h6 g6 20. Qd2 Nc4 21. Bxc4 bxc4 22.
Nc3 Nf7 23. O-O Qb3 24. Rb1 Rfb8 25. Qc1 Qb7 26. Ne2 Qa6 27. Bc3 Rb3 28. Nd2
Rxa3 29. Bb4 Bxb4 30. Rxb4 Ra1 31. Rb1 Rxb1 32. Qxb1 Nxh6 33. Kg2 Nf7 34. Nf4
Qa7 35. Nf3 g5 36. Nh5 g4 37. Nf6+ Kg7 38. Ne1 Bc6 39. Qc1 Qxd4 40. Re2 Ra1 41.
Qf4 Qxf4 42. gxf4 d4+ 43. Re4 0-1

[Event "14.Zlata Praha-D"]
[Site "Praha"]
[Date "2018.07.07"]
[Round "3.5"]
[White "Becvar, Pavel"]
[Black "Gan-Erdene, Sugar"]
[Result "0-1"]
[WhiteElo "1669"]
[BlackElo "2074"]
[PlyCount "44"]
[EventDate "2018.??.??"]

1. e4 c5 2. Nf3 d6 3. Bb5+ Nd7 4. O-O Ngf6 5. Re1 a6 6. Bxd7+ Bxd7 7. c3 Bc6 8.
d3 e6 9. Nbd2 Be7 10. d4 cxd4 11. cxd4 O-O 12. e5 dxe5 13. Nxe5 Qxd4 14. Nxc6
bxc6 15. Qf3 Qd5 16. Qg3 Bd6 17. Qh3 Rad8 18. Nf3 Bc5 19. Bg5 Ne4 20. Re2 Nxg5
21. Qg3 Nxf3+ 22. Qxf3 Qxf3 0-1

[Event "14.Zlata Praha-D"]
[Site "Praha"]
[Date "2018.07.07"]
[Round "3.6"]
[White "Sakovski, Roman"]
[Black "Plasek, Zdenek"]
[Result "1-0"]
[WhiteElo "1000"]
[BlackElo "1964"]
[PlyCount "54"]
[EventDate "2018.??.??"]

1. d4 d5 2. Nf3 e6 3. c4 c5 4. e3 Nc6 5. Nc3 Nf6 6. cxd5 exd5 7. Bb5 a6 8.
Bxc6+ bxc6 9. O-O Bd6 10. dxc5 Bxc5 11. b3 O-O 12. Bb2 Bg4 13. h3 Bh5 14. Na4
Bd6 15. Rc1 Rc8 16. Nc5 Qe7 17. Qd4 Bxf3 18. gxf3 Rfe8 19. Kh1 Bxc5 20. Rxc5
Qe6 21. Kh2 Qd6+ 22. f4 Nh5 23. Rg1 f6 24. b4 Re4 25. Qd1 Rxb4 26. Bd4 Nxf4 27.
Qg4 Ng6+ 1-0

[Event "14.Zlata Praha-D"]
[Site "Praha"]
[Date "2018.07.07"]
[Round "3.7"]
[White "Melich, Jindrich"]
[Black "Modrova, Hana"]
[Result "1-0"]
[WhiteElo "1902"]
[BlackElo "1647"]
[PlyCount "121"]
[EventDate "2018.??.??"]

1. b4 d6 2. Bb2 Nf6 3. c4 a6 4. Nc3 Bg4 5. Qb3 e5 6. h3 Be6 7. a4 Nbd7 8. e3 d5
9. cxd5 Bf5 10. d3 Nb6 11. e4 Bg6 12. Nf3 Bd6 13. Be2 O-O 14. O-O Re8 15. b5 a5
16. Ba3 Nh5 17. Rfe1 Nf4 18. Bf1 Bh5 19. Nh2 Qg5 20. Kh1 Bxa3 21. Qxa3 Nd7 22.
g3 Ng6 23. Bg2 Ne7 24. Ra2 Bg6 25. Nd1 f5 26. d6 cxd6 27. Qxd6 Rad8 28. Qe6+
Bf7 29. Qd6 Bxa2 30. h4 Qg6 31. Qa3 Bf7 32. Ne3 Rc8 33. Qd6 f4 34. Qxd7 fxe3
35. Rxe3 Rcd8 36. Qxb7 Be6 37. Qb6 Qh6 38. Qxa5 Nc8 39. Qb4 Bd7 40. Qc5 Qb6 41.
Qxb6 Nxb6 42. a5 Na8 43. b6 Bc6 44. Re1 Re7 45. Ng4 Red7 46. Nxe5 Bb7 47. Nxd7
Rxd7 48. Ra1 Rxd3 49. e5 Rd2 50. Bxb7 Rxf2 51. Bxa8 h5 52. Bg2 Re2 53. a6 Rxe5
54. a7 Kh7 55. a8=Q Re7 56. Qc6 g6 57. Ra7 Rxa7 58. bxa7 Kh6 59. a8=R Kg7 60.
Ra7+ Kh6 61. Ra6 1-0

[Event "14.Zlata Praha-D"]
[Site "Praha"]
[Date "2018.07.07"]
[Round "4.1"]
[White "Burdalev, Kirill"]
[Black "Sergeev, Vladimir"]
[Result "0-1"]
[WhiteElo "2302"]
[BlackElo "2422"]
[PlyCount "63"]
[EventDate "2018.??.??"]

1. d4 Nf6 2. Nf3 d6 3. g3 c5 4. Bg2 cxd4 5. Nxd4 g6 6. O-O Bg7 7. c4 O-O 8. Nc3
Nc6 9. e3 Bd7 10. b3 Qa5 11. Bb2 Rfc8 12. h3 Rab8 13. Qe2 a6 14. Rfd1 Be8 15.
a3 Qb6 16. Na4 Qa7 17. Nc3 Na5 18. Nd5 b5 19. cxb5 axb5 20. Rac1 Rxc1 21. Rxc1
e5 22. Rc7 Qa6 23. Ne7+ Kf8 24. Nc2 Qb6 25. Rc8 Kxe7 26. Rxb8 Qxb8 27. Nb4 Qc7
28. g4 h6 29. f4 Kf8 30. g5 hxg5 31. fxg5 Nd7 32. Qd1 0-1

[Event "14.Zlata Praha-D"]
[Site "Praha"]
[Date "2018.07.07"]
[Round "4.2"]
[White "Benes, Petr"]
[Black "Netusil, Miloslav"]
[Result "1-0"]
[WhiteElo "2119"]
[BlackElo "2185"]
[PlyCount "101"]
[EventDate "2018.??.??"]

1. c4 e5 2. Nc3 Bb4 3. Nd5 Ba5 4. Qc2 c6 5. Nc3 Nf6 6. Nf3 Qe7 7. a3 O-O 8. b4
Bc7 9. Bb2 a5 10. b5 d5 11. e3 d4 12. Na4 d3 13. Qb3 e4 14. Nd4 c5 15. b6 Be5
16. Nb5 Nc6 17. h3 h5 18. O-O-O Be6 19. Kb1 Rfd8 20. f4 Bxb2 21. Nxb2 a4 22.
Qc3 Na5 23. Nc7 Nb3 24. Nxa8 Rxa8 25. g4 hxg4 26. hxg4 Bxg4 27. Bh3 Bxd1 28.
Rxd1 Na5 29. Rg1 Qd6 30. Nxa4 Nc6 31. Nb2 Ne7 32. Rg5 Qxb6 33. Ka2 Nc6 34. Kb1
Nb4 35. axb4 cxb4 36. Qb3 Qa5 37. Na4 b5 38. Rxb5 Qxa4 39. Qxa4 Rxa4 40. Bf5 g6
41. Rb6 Kg7 42. Bc8 Ne8 43. c5 Nc7 44. Kb2 Nd5 45. Rb7 Ra3 46. Be6 Nxf4 47.
Rxf7+ Kh6 48. Rxf4 Ra5 49. Rxe4 Rxc5 50. Bb3 Rc7 51. Rd4 1-0

[Event "14.Zlata Praha-D"]
[Site "Praha"]
[Date "2018.07.07"]
[Round "4.3"]
[White "Gan-Erdene, Sugar"]
[Black "Gregor, Jiri"]
[Result "0-1"]
[WhiteElo "2074"]
[BlackElo "2285"]
[PlyCount "98"]
[EventDate "2018.??.??"]

1. e4 c6 2. d4 d5 3. Nc3 a6 4. Nf3 Bg4 5. e5 e6 6. h3 Bxf3 7. Qxf3 c5 8. dxc5
Bxc5 9. Qg3 Bf8 10. Bd3 Nc6 11. O-O g6 12. Bg5 Be7 13. Bd2 Bh4 14. Qf4 h6 15.
Rae1 Bg5 16. Qg4 Bxd2 17. Re2 Bxc3 18. bxc3 Nge7 19. f4 h5 20. Qf3 Qb6+ 21. Kh2
Nf5 22. c4 Ncd4 23. Qf2 Qc7 24. Bxf5 Nxf5 25. cxd5 exd5 26. e6 f6 27. Rd1 Rd8
28. Red2 d4 29. Rd3 O-O 30. Re1 Rfe8 31. Re4 Rd6 32. g4 hxg4 33. hxg4 Ng7 34.
Rexd4 Rxd4 35. Qxd4 Nxe6 36. Qxf6 Qxf4+ 37. Qxf4 Nxf4 38. Rd4 g5 39. Rc4 Re7
40. Rc5 Ne6 41. Re5 Rh7+ 42. Kg3 Kf7 43. Rd5 Kf6 44. Rd6 Rc7 45. Rd2 Rc3+ 46.
Kf2 b5 47. Kg2 Ke5 48. Re2+ Kd5 49. Rd2+ Nd4 0-1

[Event "14.Zlata Praha-D"]
[Site "Praha"]
[Date "2018.07.07"]
[Round "4.4"]
[White "Pribyl, Josef"]
[Black "Melich, Jindrich"]
[Result "1-0"]
[WhiteElo "2203"]
[BlackElo "1902"]
[PlyCount "43"]
[EventDate "2018.??.??"]

1. e4 e6 2. d4 d5 3. Nc3 Nf6 4. Bg5 c5 5. exd5 exd5 6. Nf3 Be7 7. dxc5 Bxc5 8.
Bb5+ Nc6 9. O-O O-O 10. Qd3 Be6 11. Rad1 h6 12. Bh4 g5 13. Bg3 Qb6 14. Rfe1 a6
15. Bxc6 bxc6 16. Rxe6 fxe6 17. Qg6+ Kh8 18. Qxh6+ Kg8 19. Qg6+ Kh8 20. Nxg5
Qb7 21. Be5 Be7 22. Qh7# 1-0

[Event "14.Zlata Praha-D"]
[Site "Praha"]
[Date "2018.07.07"]
[Round "4.5"]
[White "Pilar, Miloslav"]
[Black "Sakovski, Roman"]
[Result "1-0"]
[WhiteElo "2114"]
[BlackElo "1000"]
[PlyCount "69"]
[EventDate "2018.??.??"]

1. d4 d6 2. e4 e5 3. Nf3 Bg4 4. Bc4 Bxf3 5. Qxf3 Nf6 6. dxe5 dxe5 7. Bg5 Nbd7
8. Qb3 Qe7 9. O-O h6 10. Bxf6 Qxf6 11. Qxb7 Rb8 12. Qxc7 Bd6 13. Qxa7 Bc5 14.
Qa4 Rb4 15. Qa8+ Rb8 16. Qd5 Rd8 17. Bb5 O-O 18. Bxd7 Bd4 19. c3 Bb6 20. Nd2
Qe7 21. Nf3 Rxd7 22. Qxe5 Qd8 23. h3 Bc7 24. Qf5 Re8 25. Rae1 Re6 26. Qb5 Bb8
27. Qe2 Qc7 28. Rd1 Rde7 29. e5 Rxe5 30. Nxe5 f6 31. Qc4+ Qxc4 32. Nxc4 Re2 33.
Rd8+ Kh7 34. Rxb8 Rc2 35. a4 1-0

[Event "14.Zlata Praha-D"]
[Site "Praha"]
[Date "2018.07.07"]
[Round "4.6"]
[White "Buksa, Jaromir"]
[Black "Barotek, Martin"]
[Result "1-0"]
[WhiteElo "1889"]
[BlackElo "1947"]
[PlyCount "139"]
[EventDate "2018.??.??"]

1. e4 c5 2. Nc3 Nc6 3. d3 g6 4. Be3 b6 5. Qd2 h5 6. f4 d6 7. Nf3 Bg7 8. g3 Nf6
9. O-O-O a6 10. h3 Bb7 11. Bg2 Qc7 12. Rde1 O-O-O 13. Ng5 Rdf8 14. Nd5 Nxd5 15.
exd5 Nd4 16. c3 Nf5 17. Bf2 Bh6 18. g4 Bxg5 19. fxg5 Ng7 20. gxh5 Nxh5 21. Re2
Ng7 22. Rhe1 Nf5 23. Be4 Re8 24. Bxf5+ gxf5 25. Qf4 Bxd5 26. Qxf5+ Be6 27. Qe4
Kb8 28. d4 Rxh3 29. d5 Bd7 30. Qg2 Bc8 31. Kc2 Bf5+ 32. Kc1 Bc8 33. Re3 Rh7 34.
Bg3 Rg7 35. Bf4 a5 36. Qf3 Ba6 37. b3 c4 38. Qe2 Ka7 39. Rxe7 Rxe7 40. Qxe7
Qxe7 41. Rxe7+ Kb8 42. Be3 cxb3 43. axb3 Rh7 44. Kd2 Rh2+ 45. Kd1 Rh1+ 46. Kc2
Rh2+ 47. Bd2 Kc8 48. Rxf7 Rh3 49. c4 b5 50. c5 dxc5 51. d6 b4 52. g6 Bd3+ 53.
Kb2 Bxg6 54. Rg7 Be8 55. Bg5 Rh2+ 56. Kc1 Bd7 57. Rg8+ Kb7 58. Rd8 Kc6 59. Ra8
Kxd6 60. Bf4+ Kd5 61. Bxh2 Bb5 62. Kb2 Bd3 63. Rxa5 Kc6 64. Ra8 Kb7 65. Rg8 Be4
66. Rg7+ Kc6 67. Bg1 Kd5 68. Rg5+ Kc6 69. Rxc5+ Kd6 70. Rb5 1-0